00435 2200169 4500001002100000005001500021035001900036245005300055100001500108300003900123260003600162082000700198084001300205020002100218990001300239990001300252INLIS00000000000067120220113090851$a 0010-0122000005$a Komik Next G: Akibat suka menunda /$c Hana ashila$a Hana ashila$a 96 hlm : $b ilust ; $c 14.5 x 21 cm$a 2021 :$b Muffin Graphics,$c 2021$a 813$a 813 HAN k$a 978-602-367-852-5$a 0306/2021$a 0307/2021